<?xml version="1.0" encoding="UTF-8"?>
<record
    xmlns:xsi="http://www.w3.org/2001/XMLSchema-instance"
    xsi:schemaLocation="http://www.loc.gov/MARC21/slim http://www.loc.gov/standards/marcxml/schema/MARC21slim.xsd"
    xmlns="http://www.loc.gov/MARC21/slim">

  <leader>00415nam a22001337a 4500</leader>
  <datafield tag="999" ind1=" " ind2=" ">
    <subfield code="c">18363</subfield>
    <subfield code="d">18363</subfield>
  </datafield>
  <controlfield tag="008">200727b        xxu||||| |||| 00| 0 eng d</controlfield>
  <datafield tag="020" ind1=" " ind2=" ">
    <subfield code="a">1788839129</subfield>
  </datafield>
  <datafield tag="050" ind1=" " ind2=" ">
    <subfield code="a">QA76.64</subfield>
    <subfield code="b">.S26 2018 c.1</subfield>
  </datafield>
  <datafield tag="100" ind1=" " ind2=" ">
    <subfield code="a">Samoylov, Nick</subfield>
  </datafield>
  <datafield tag="245" ind1=" " ind2=" ">
    <subfield code="a">Introduction to Programming</subfield>
    <subfield code="b">Learn to program in Java with data structures,algorithms, and logic</subfield>
    <subfield code="c">Nick Samoylov</subfield>
  </datafield>
  <datafield tag="260" ind1=" " ind2=" ">
    <subfield code="a">UK</subfield>
    <subfield code="b">Packt</subfield>
    <subfield code="c">2018</subfield>
  </datafield>
  <datafield tag="300" ind1=" " ind2=" ">
    <subfield code="a">xiv,701p.</subfield>
  </datafield>
  <datafield tag="942" ind1=" " ind2=" ">
    <subfield code="2">lcc</subfield>
    <subfield code="c">BK</subfield>
  </datafield>
  <datafield tag="952" ind1=" " ind2=" ">
    <subfield code="0">0</subfield>
    <subfield code="1">0</subfield>
    <subfield code="2">lcc</subfield>
    <subfield code="7">0</subfield>
    <subfield code="a">KABU</subfield>
    <subfield code="b">KABU</subfield>
    <subfield code="d">2020-07-27</subfield>
    <subfield code="g">6260.00</subfield>
    <subfield code="l">3</subfield>
    <subfield code="o">QA76.64 .S26 2018 c.1</subfield>
    <subfield code="p">030465</subfield>
    <subfield code="r">2025-05-21 10:14:10</subfield>
    <subfield code="s">2025-05-05</subfield>
    <subfield code="w">2020-07-27</subfield>
    <subfield code="y">BK</subfield>
  </datafield>
  <datafield tag="952" ind1=" " ind2=" ">
    <subfield code="0">0</subfield>
    <subfield code="1">0</subfield>
    <subfield code="2">lcc</subfield>
    <subfield code="7">0</subfield>
    <subfield code="a">KABU</subfield>
    <subfield code="b">KABU</subfield>
    <subfield code="d">2020-07-27</subfield>
    <subfield code="g">6260.00</subfield>
    <subfield code="l">2</subfield>
    <subfield code="o">QA76.64 .S26 2018 c.2</subfield>
    <subfield code="p">030466</subfield>
    <subfield code="r">2025-06-20 10:33:15</subfield>
    <subfield code="s">2025-06-05</subfield>
    <subfield code="w">2020-07-27</subfield>
    <subfield code="y">BK</subfield>
  </datafield>
  <datafield tag="952" ind1=" " ind2=" ">
    <subfield code="0">0</subfield>
    <subfield code="1">0</subfield>
    <subfield code="2">lcc</subfield>
    <subfield code="7">0</subfield>
    <subfield code="a">KNTC</subfield>
    <subfield code="b">KABU</subfield>
    <subfield code="d">2020-07-27</subfield>
    <subfield code="g">6260.00</subfield>
    <subfield code="l">4</subfield>
    <subfield code="o">QA76.64 .S26 2018 c.1</subfield>
    <subfield code="p">030467</subfield>
    <subfield code="r">2025-01-20 12:58:49</subfield>
    <subfield code="s">2024-12-04</subfield>
    <subfield code="w">2020-07-27</subfield>
    <subfield code="y">BK</subfield>
  </datafield>
</record>
